| 000 | 00547nam a2200169 4500 | ||
|---|---|---|---|
| 001 | 136877 | ||
| 003 | ES-MaACL | ||
| 005 | 20230906195243.0 | ||
| 007 | t| | ||
| 008 | 070214s1968 sp r ||||1| spa d | ||
| 100 | 1 |
_aSahuc, Louis J. M. _9101482 |
|
| 245 | 1 | 0 |
_aPara descubrir al otro _b: problemas de la adolescencia / _cLouis J. M. Sahuc ; traducción del francés por Pepita del Castillo. |
| 260 |
_aMadrid : _bStudium, _c1968. |
||
| 300 |
_a200 p. ; _c20 cm. |
||
| 700 | 1 |
_aCastillo, Josefa. _9174322 |
|
| 852 |
_aES-MaACL _jC-50381 _bR.67086 |
||
| 999 |
_c136877 _d136877 |
||